Data analysis with JMP IN 4.0 /

Guardado en:
Autor Principal: Johnson, Thomas, 1936-
Otros Autores: Berk, Kenneth N, 1938-
Formato: Libro
Idioma:English
Publicado: Pacific Grove, CA : Duxbury/Thomson Learning, 2000.
Etiquetas: Agregar Etiqueta
Sin Etiquetas, Sea el primero en etiquetar este registro!
LEADER 00532nam a22001575a 4500
001 EEA.libagro007174
005 20180604091549.0
008 130809s2000####xxua##########000#0#eng#d
020 |a 053437395X 
082 0 4 |a 519.5 
100 1 |a Johnson, Thomas,  |d 1936- 
245 1 0 |a Data analysis with JMP IN 4.0 /  |c Thomas Johnson and Kenneth N. Berk. 
260 |a Pacific Grove, CA :  |b Duxbury/Thomson Learning,  |c 2000. 
300 |a xiii, 320 p. :  |b il. ;  |c 24 cm. 
700 1 |a Berk, Kenneth N,  |d 1938- 
859 |a AR-BbBCA  |b BIB. AGRONOMIA  |h 519.5  |i J69  |p 2004/4545